00738cam a22002057a 4500003000500000005001700005008004100022010001000063011001000073035001000083040000900093100003500102245009100137260007000228300002000298490007900318650002800397650002800425830007900453CHAP20220329135521.0971013s1969 mx r 00010 spa d a37918 a38890 a43010 cCHAP00aQuintana Rodríguez, Rodolfo.13aLa administración rural en extensión agrícolac/por Rodolfo Quintana Rodríguez aChapingo, Méx. :bDepartamento de Extensión Agrícola,c1969 a11 p. :btablas 0aDepartamento de Extensión Agrícola. México. Boletín técnicov; 114aEmpresas agropecuarias.14aExtensión agrícola.0 aDepartamento de Extensión Agrícola. México. Boletín técnicov; 1